Britain 1985: an official handbook

Guardado en:
Bibliografiske detaljer
Institution som forfatter: Central Office of Information
Format: Texto
Udgivet: Londres: Central Office of Information
Tags: Tilføj Tag
Ingen Tags, Vær først til at tagge denne postø!

MARC

LEADER 00000 a a2200000 04500
001 23792
003
040
090 |a 168300  
110 |a Central Office of Information  
245 |a Britain 1985: an official handbook  
260 |a Londres:   |b Central Office of Information  
300 |a 423 p.   |b fonodiscos  
999 |c 10834  |d 10834